Central Library OPAC University of Rajshahi

في الأدب الحديث ;; fī al-adab al-ḥadīth / (Record no. 78669)

MARC details
000 -LEADER
fixed length control field 00736cam a2200217 a 4500
001 - CONTROL NUMBER
control field 78669
003 - CONTROL NUMBER IDENTIFIER
rucl marc code BD-RjUL
005 - DATE AND TIME OF LATEST TRANSACTION
control field 20211209083147.0
008 - FIXED-LENGTH DATA ELEMENTS--GENERAL INFORMATION
fixed length control field 211101s20001420sy 000 0 ara d
035 ## - SYSTEM CONTROL NUMBER
System control number BD-RjUL)78895
040 ## - CATALOGING SOURCE
Original cataloging agency LB-BrSB
Transcribing agency ZYU
Modifying agency ZYU
Language of cataloging eng
041 0# - LANGUAGE CODE
Language code of text/sound track or separate title ara
082 ## - DEWEY DECIMAL CLASSIFICATION NUMBER
Edition number 23
Classification number 892.709
Author mark and year DAF 2000
100 ## - MAIN ENTRY--PERSONAL NAME
Personal name Dasuqiu, Omar ;; الدسوقي, عمر
9 (RLIN) 249470
245 13 - TITLE STATEMENT
Title في الأدب الحديث ;; fī al-adab al-ḥadīth /
Statement of responsibility, etc. عمر الدسوقي ;; Omar al dasuqi
260 ## - PUBLICATION, DISTRIBUTION, ETC. (IMPRINT)
Place of publication, distribution, etc. Al Qahira :
Name of publisher, distributor, etc. Dar al fikr al arabi,
Date of publication, distribution, etc. 2000
300 ## - PHYSICAL DESCRIPTION
Pagination 429 p. ;
Size 22 cm.
650 #0 - SUBJECT ADDED ENTRY--TOPICAL TERM
Topical term or geographic name as entry element Women authors, Arab
Chronological subdivision 20th century.
9 (RLIN) 249471
Topical term or geographic name as entry element Arabic literature
Chronological subdivision 20th century
General subdivision History and criticism.
9 (RLIN) 249472
942 ## - ADDED ENTRY ELEMENTS (KOHA)
Source of classification or shelving scheme Dewey Decimal Classification
Koha item type Books
Holdings
Lost status Source of classification or shelving scheme Damaged status Not for loan Collection code Permanent Location Current Location Shelving location Date acquired Source of acquisition Cost, normal purchase price Total Checkouts Full call number Date last seen Copy number Koha item type
  Dewey Decimal Classification   Not For Loan Non-fiction Central Library, University of Rajshahi Central Library, University of Rajshahi Reading Room 18/11/2009 Ahsania mission, dhaka 1200.00   A 892.709 DAF V-1 2000 31/10/2021 C-1 Books
  Dewey Decimal Classification     Non-fiction Central Library, University of Rajshahi Central Library, University of Rajshahi Reading Room 18/11/2009 Ahsania mission, Dhaka 1200.00   A 892.709 DAF V-2 2000 04/11/2021 C-1 Books